| 000 | 00445nam a2200133Ia 4500 | ||
|---|---|---|---|
| 008 | 191129s9999 xx 000 0 und d | ||
| 020 | _a4806523174893 | ||
| 100 | _aZiglar, Zig | ||
| 245 |
_cZig Ziglar _aSomething to smile about: _bencouragement and inspiration for life's ups and downs/ |
||
| 260 |
_aManila: _bChurch Strengthening Ministry, Inc. _c1997 |
||
| 300 |
_a216 p. ; _bill. : _c16 cm. |
||
| 650 | _aencouragement | ||
| 650 | _aInspiration | ||
| 999 |
_c362737 _d362737 |
||